| 000 | 00703nam a2200229Ia 4500 | ||
|---|---|---|---|
| 005 | 20260601193258.0 | ||
| 008 | 260601s9999||||xx |||||||||||||| ||und|| | ||
| 020 |
_a978-3-031-71291-3 _qebk |
||
| 100 | _aJens Lemanski | ||
| 245 | 0 | _aDiagrammatic Representation and Inference | |
| 250 | _a2024 | ||
| 260 |
_aHeidelberg, Germany _bSpringer Nature _c2024 |
||
| 440 | _aLecture Notes in Computer Science | ||
| 650 | _aComputer Science | ||
| 700 | _aEmmanuel Manalo | ||
| 700 | _aMikkel Willum Johansen | ||
| 700 | _aPetrucio Viana | ||
| 700 | _aReetu Bhattacharjee | ||
| 700 | _aRichard Burns | ||
| 856 | _uhttps://link.springer.com/openurl?genre=book&isbn=978-3-031-71291-3 | ||
| 942 |
_cEB _2ddc |
||
| 999 |
_c56922 _d56922 |
||